Overschooled but undereducated : (Record no. 24590)
[ view plain ]
| 000 -LEADER | |
|---|---|
| fixed length control field | 01400nam a2200265 a 4500 |
| 005 - DATE AND TIME OF LATEST TRANSACTION | |
| control field | 20140310183529.0 |
| 008 - FIXED-LENGTH DATA ELEMENTS--GENERAL INFORMATION | |
| fixed length control field | 111014s19uu xx 00 eng d |
| 010 ## - LIBRARY OF CONGRESS CONTROL NUMBER | |
| LC control number | 2009006370 |
| 020 ## - INTERNATIONAL STANDARD BOOK NUMBER | |
| International Standard Book Number | 9781855396234 |
| 050 ## - LIBRARY OF CONGRESS CALL NUMBER | |
| Classification number | LC 191.8.G7 |
| Item number | .Ab34 2010 |
| 100 ## - MAIN ENTRY--PERSONAL NAME | |
| Personal name | Abbott, John |
| 245 ## - TITLE STATEMENT | |
| Title | Overschooled but undereducated : |
| Remainder of title | how the crisis in education is jeopardizing our adolescents / |
| Statement of responsibility, etc | John Abbott with Heather MacTaggart. |
| 260 ## - PUBLICATION, DISTRIBUTION, ETC. (IMPRINT) | |
| Place of publication, distribution, etc | London ; New York : |
| Name of publisher, distributor, etc | Continuum, |
| Date of publication, distribution, etc | 2010. |
| 300 ## - PHYSICAL DESCRIPTION | |
| Extent | xxiv, 310 p. : |
| Dimensions | 21 cm. |
| 500 ## - GENERAL NOTE | |
| General note | Includes bibliographical references and index. |
| 520 ## - SUMMARY, ETC. | |
| Summary, etc | Contents: A fable: the whole story in fewer than 2,500 words -- Wonder of learning -- Human nature: a brain for all times -- Nurture and culture -- Hands-on apprentices to hands-off pupils -- Lest we fail to learn from our mistakes -- Adolescents left out -- What kind of education for what kind of world? -- Knowing what we know; what�s to be done? -- Appendix A: the 21st century learning initiative -- Appendix B: Synthesis -- Appendix C: Prophets of a future not our own |
| 521 ## - TARGET AUDIENCE NOTE | |
| Target audience note | |
| 650 ## - SUBJECT ADDED ENTRY--TOPICAL TERM | |
| Topical term or geographic name as entry element | Education |
| General subdivision | Social aspects |
| Geographic subdivision | Great Britain |
| 650 ## - SUBJECT ADDED ENTRY--TOPICAL TERM | |
| Topical term or geographic name as entry element | Education |
| General subdivision | Aims and objectives |
| Geographic subdivision | Great Britain |
| 650 ## - SUBJECT ADDED ENTRY--TOPICAL TERM | |
| Topical term or geographic name as entry element | Education |
| Geographic subdivision | Great Britain |
| General subdivision | History |
| 650 ## - SUBJECT ADDED ENTRY--TOPICAL TERM | |
| Topical term or geographic name as entry element | Teenagers |
| Geographic subdivision | Great Britain |
| General subdivision | Social conditions |
| 700 ## - ADDED ENTRY--PERSONAL NAME | |
| Personal name | McTaggart, Heather |
| 942 ## - ADDED ENTRY ELEMENTS (KOHA) | |
| Koha item type | Books |
| Source of classification or shelving scheme | Library of Congress Classification |
| Call number prefix | Foreign |
| Withdrawn status | Lost status | Source of classification or shelving scheme | Damaged status | Home library | Current library | Shelving location | Date acquired | Source of acquisition | Total Checkouts | Full call number | Barcode | Date last seen | Copy number | Price effective from | Koha item type |
|---|---|---|---|---|---|---|---|---|---|---|---|---|---|---|---|
| Library of Congress Classification | College Library | College Library | General Circulation Section | 10/14/2011 | Donation | LC 191.8.G7 .Ab34 2010 | C12821 | 05/15/2018 | 1 | 10/18/2013 | Books |